| 000 | 00859nam a2200241Ii 4500 | ||
|---|---|---|---|
| 003 | JO-AjNU | ||
| 008 | 230605s9999||||xx |||||||||||||| ||und|| | ||
| 017 | _a2012/4521 | ||
| 020 | _a978-977-327-955-9 | ||
| 040 |
_aJO-AjNU _bara _erda _cJO-AjNU |
||
| 041 | _aara | ||
| 050 | 1 | 4 | _aHD62.4.A2822.2013 |
| 100 | 3 |
_aابوقحف، عبدالسلام , _eauthor _944175 |
|
| 245 | 0 | 0 | _aادارة الاعمال الدولية:بحوث التسويق والتسويق الدولي |
| 250 | _aط1 | ||
| 264 | 3 | 1 | _aالاسكندرية:مكتبة الوفاء القانونية،2013 |
| 300 | _a561ص | ||
| 336 |
_atext _btxt _2rdacontent |
||
| 337 |
_aunmediated _bn _2rdamedia |
||
| 338 |
_avolume _bnc _2rdacarrier |
||
| 490 | 0 | _aسلسلة مراجع ادارة الاعمال الدولية | |
| 650 | 4 |
_aادارة الاعمال الدولية _944176 |
|
| 999 |
_aA19052 _c22620 _d22620 |
||